| 000 | 00686nam0a22002411 4500 | ||
|---|---|---|---|
| 001 | rc\868136 | ||
| 005 | 20250622023609.0 | ||
| 035 | _a(NLR Aleph) 006046935 | ||
| 090 |
_a4764038 _c4764038 |
||
| 100 | _a20041129d1983 |||y0rusy50 ca | ||
| 101 | 0 | _arus | |
| 102 | _aRU | ||
| 105 | _aa ||||||||| | ||
| 200 | 1 | _aФилейно-гипюрная вышивка | |
| 205 | _a3-е изд., испр. и доп. | ||
| 210 |
_aМ. _cЛесн. пром-сть _d1983 |
||
| 215 |
_a135 с. _cил. _d20 |
||
| 700 | 1 |
_aТазова _bН.А. _gНадежда Афанасьевна |
|
| 801 | 0 |
_aRU _bNLR _gpsbo |
|
| 801 | 1 |
_aRU _bELAR _2rusmarc |
|
| 852 |
_aNLR _j83-3/4347 |
||
| 942 | _cBOOK | ||
| 980 | _aNB | ||